000 00456nam a2200169Ia 4500
003 LK-CoDNM
008 010623t1899 xxu||||| |||| 00| 1 eng d
040 _aLK-CoDNM
_dLK-CoDNM
_eLK-CoDNM
041 _aeng
080 _a9 O 19
100 _aMuller,F.Max.
245 _aThe Science of Language
260 _bLongmans,Green and Company
_aLondon
_c1899
300 _bxxxviii,582p., 18 cm
500 _aCollected works of the Hon F.Max Muller
942 _cBK
999 _c84825
_d84825